Flying High. How Jetblue Founder and CEO David Neeleman Beats the Competition even in the Would’s most Turbulent Industry

Gardado en:
Detalles Bibliográficos
Autor Principal: Wynbrandt, James
Formato: Libro
Idioma:English
Publicado: John Wiley & Sons, Inc 2004
Những chủ đề:
Các nhãn: Engadir etiqueta
Sen Etiquetas, Sexa o primeiro en etiquetar este rexistro!
Thư viện lưu trữ: Mạng thư viện Đại học Đà Nẵng
LEADER 01058nam a22002651a 4500
001 000034846
003 11063
005 20151027134511.0
008 151027s2004 000 eng
020 |a 9471655449 
041 |a eng 
082 |a 420.4  |b WY-J 
100 |a Wynbrandt, James 
245 |a Flying High. How Jetblue Founder and CEO David Neeleman Beats the Competition even in the Would’s most Turbulent Industry  |c James Wynbrandt 
260 |a John Wiley & Sons, Inc  |c 2004 
300 |a 289p. : ill ; 20cm 
650 |a Flying High. How Jetblue Founder and CEO David Neeleman Beats the Competition even in the Would’s most Turbulent Industry 
OWN |a LNN 
AVA |a UDN50  |b LNN  |d 420.4 WY-J  |e available  |t Error 5001 Not defined in file expand_doc_bib_avail.  |f 1  |g 0  |h N  |i 0  |k 1 
999 |a From the UDN01 
AVA |a UDN50  |b LNN  |d 420.4 WY-J  |e available  |t Error 5001 Not defined in file expand_doc_bib_avail.  |f 1  |g 0  |h N  |i 0  |k 1 
TYP |a Monograph 
980 |a Mạng thư viện Đại học Đà Nẵng